000 00603cam a22002053a 4500
001 45063
003 PGUSA
005 20140828084029.0
008 140307s2014||||xxu|||||s|||||000 | eng d
040 _aPGUSA
_beng
042 _adc
100 1 _aGentry, Thomas G.
245 1 0 _aNests and Eggs of Birds of The United States :
_bIllustrated
_h[electronic resource] /
_cThomas G. Gentry
260 _bProject Gutenberg,
_c2014
506 _aPublic domain in the USA.
516 _aElectronic text
830 0 _aProject Gutenberg
_v45063
856 4 0 _uhttp://www.gutenberg.org/ebooks/45063
942 _cEB
999 _c274314
_d274314